|
|
|
|
| LEADER |
01322nam a22003612a 4500 |
| 001 |
001190614 |
| 003 |
CZ BrMZK |
| 005 |
20120123074755.0 |
| 007 |
ta |
| 008 |
120120s1963 xr er|||||||||||cze d |
| 015 |
|
|
|a cnb000474623
|
| 035 |
|
|
|a (OCoLC)42121542
|
| 040 |
|
|
|a ABA001
|b cze
|c OSA001
|d ABA001
|
| 080 |
9 |
|
|a 728.5(437)(083.8)
|
| 100 |
1 |
|
|a Pártl, František
|4 com
|
| 245 |
1 |
0 |
|a Hotely v ČSSR :
|b seznam ubytovacích závodů /
|c sestavil kolektiv: František Pártl, Antonín Franke, Josef Broul
|
| 250 |
|
|
|a 1. vyd.
|
| 260 |
|
|
|a Praha :
|b Vydavatelství obchodu,
|c 1963
|
| 300 |
|
|
|a 236, [2] s. :
|b [1] fot. příl. ;
|c 8°
|
| 500 |
|
|
|a Obálka: Jaromír Valoušek
|
| 500 |
|
|
|a 15000 výt.
|
| 500 |
|
|
|a Inf.
|
| 500 |
|
|
|a Ceníky
|
| 500 |
|
|
|a Místní rejstřík
|
| 500 |
|
|
|a Přehl. krajů a okresů
|
| 700 |
1 |
|
|a Broul, Josef,
|d 1899-1983
|7 jk01013183
|4 com
|
| 700 |
1 |
|
|a Franke, Antonín,
|d 1934-
|7 xx0072214
|4 com
|
| 910 |
|
|
|a BOA001
|b 2-0489.819
|
| 990 |
|
|
|a BK
|
| 991 |
|
|
|b 201201
|
| 996 |
7 |
|
|b 2619058789
|c 2-0489.819
|l MZK
|r Sklad / do 24 hodin
|n 0
|w 001224034
|u 000030
|a 1
|e BOA001
|j MZK50
|s A
|
| 996 |
6 |
|
|b 2619058790
|c 2-0489.819
|l MZK
|r Sklad / do 24 hodin
|n 0
|w 001224034
|u 000020
|a 1
|e BOA001
|j MZK50
|s P
|
| 996 |
7 |
|
|b 2619427453
|c 2-0489.819
|l MZK
|r Sklad / do 24 hodin
|n 2
|w 001224034
|u 000010
|a 1
|e BOA001
|j MZK50
|s A
|